<?xml version="1.0" encoding="UTF-8"?>
<collection xmlns="http://www.loc.gov/MARC21/slim">
 <record>
  <leader>05105nam a2200349 a 4500</leader>
  <controlfield tag="001">kal2927</controlfield>
  <controlfield tag="003">Gr-AtHEAL</controlfield>
  <controlfield tag="005">20160421123700.0</controlfield>
  <controlfield tag="006">m        d        </controlfield>
  <controlfield tag="008">160413s2015    gr      s           gre|c</controlfield>
  <datafield tag="020" ind1=" " ind2=" ">
   <subfield code="a">9789606030420</subfield>
  </datafield>
  <datafield tag="040" ind1=" " ind2=" ">
   <subfield code="a">GR-AtHEAL</subfield>
   <subfield code="b">gre</subfield>
   <subfield code="c">GR-AtHEAL</subfield>
  </datafield>
  <datafield tag="082" ind1="0" ind2="4">
   <subfield code="a">938</subfield>
   <subfield code="2">23</subfield>
  </datafield>
  <datafield tag="100" ind1="1" ind2=" ">
   <subfield code="a">Μονιούδη-Γαβαλά Θεοδώρα.</subfield>
   <subfield code="8">340</subfield>
  </datafield>
  <datafield tag="245" ind1="1" ind2="2">
   <subfield code="a">Η ελληνική πόλη απο τον Ιππόδαμο στον Κλεάνθη</subfield>
   <subfield code="h">[Ηλεκτρονικός πόρος] </subfield>
   <subfield code="b">Πολεοδομική και αρχιτεκτονική επισκόπηση</subfield>
   <subfield code="c">Μονιούδη-Γαβαλά Θεοδώρα ; Κριτικός αναγνώστης, Μαλλούχου Τουφάνο, Φανή ; Γραφιστική και Τεχνική επιμέλεια, Μπρέλλης, Χριστόφορος ; Γλωσσική επιμέλεια,  Μονιούδη, Σμαράγδα Μαρία.</subfield>
  </datafield>
  <datafield tag="260" ind1=" " ind2=" ">
   <subfield code="a">Αθήνα :</subfield>
   <subfield code="b">Σύνδεσμος Ελληνικών Ακαδημαϊκών Βιβλιοθηκών,</subfield>
   <subfield code="c">c2015.</subfield>
  </datafield>
  <datafield tag="490" ind1=" " ind2=" ">
   <subfield code="a">Ακαδημαϊκά Ηλεκτρονικά Συγγράμματα και Βοηθήματα Κάλλιπος</subfield>
   <subfield code="8">40</subfield>
  </datafield>
  <datafield tag="505" ind1=" " ind2=" ">
   <subfield code="a">1. Η πόλη της κλασικής περιόδου 2. Πόλεις και οικισμοί της βυζαντινής περιόδου 3. Η Λατινοκρατία στο Αιγαίο 4. Η πόλη στα χρόνια των οθωμανικών μεταρρυθμίσεων, 19ος αιώνας 5. Η αναδημιουργία της ελληνικής πόλης στο νέο ελληνικό κράτος, 19ος αιώνας 6. Αθήνα 1833-1864. Η οικοδόμηση μιας μητρόπολης 7. Οικιστικά σύνολα του παρελθόντος μέσα σε σύγχρονα αστικά τοπία: πρόσληψη και διαχείριση</subfield>
  </datafield>
  <datafield tag="520" ind1=" " ind2=" ">
   <subfield code="a">Το βιβλίο&quot;Η ΕΛΛΗΝΙΚΗ ΠΟΛΗ ΑΠΟ ΤΟΝ ΙΠΠΟΔΑΜΟ ΣΤΟΝ ΚΛΕΑΝΘΗ&quot; περιλαμβάνει αυτοτελή δοκίμια που αναφέρονται στην αρχιτεκτονική και πολεοδομία της ελληνικής πόλης από το μακρινό μέχρι το εγγύτερο παρελθόν - από την κλασική αρχαιότητα στον 19ο αιώνα. Γίνονται τομές σε χαρακτηριστικές περιόδους της ιστορίας της ελληνικής πόλης, με χρονική αλληλουχία. Επιχειρείται η θεματική διεύρυνση σε ζητήματα πέραν της αρχιτεκτονικής και πολεοδομίας, όπως αυτά της πρόσληψης και διαχείρισης των μνημείων και οικιστικών συνόλων του παρελθόντος μέσα στα σύγχρονα αστικά τοπία. Γίνεται η ιστορική προσέγγιση των πόλεων στη συγχρονία και τη διαχρονία τους. Στόχος της μελέτης δεν είναι μόνο η καταγραφή των σχετικών ζητημάτων αλλά και η ερμηνεία τους: προσπαθεί να εξηγήσει πώς εξελίχθηκαν οι αλλαγές στο χώρο των πόλεων, εξετάζοντας το χώρο της πόλης μέσα στο ευρύτερο ιστορικό του περιβάλλον. Η πολεοδομία και αρχιτεκτονική εντάσσονται στον γενικότερο προβληματισμό που θέτουν οι ιστορικές συνθήκες. Αποτελούν ένα κέντρο εστίασης της κοινωνίας την οποία παρατηρούν. Η αμφίδρομη κίνηση μεταξύ χώρου και κοινωνίας καθοδηγεί τις περιγραφές και τις ερμηνείες.</subfield>
  </datafield>
  <datafield tag="650" ind1=" " ind2="1">
   <subfield code="a">Cities and towns, Ancient</subfield>
   <subfield code="z">Greece</subfield>
   <subfield code="8">2038</subfield>
  </datafield>
  <datafield tag="653" ind1=" " ind2=" ">
   <subfield code="a">Διατήρηση ιστορικών συνόλων</subfield>
  </datafield>
  <datafield tag="653" ind1=" " ind2=" ">
   <subfield code="a">Ελλαδα πολεοδομία αρχιτεκτονική</subfield>
  </datafield>
  <datafield tag="653" ind1=" " ind2=" ">
   <subfield code="a">Πόλη</subfield>
  </datafield>
  <datafield tag="653" ind1=" " ind2=" ">
   <subfield code="a">Ιστορία</subfield>
   <subfield code="a">Αρχαιολογία</subfield>
  </datafield>
  <datafield tag="653" ind1=" " ind2=" ">
   <subfield code="a">Τεχνολογία και επιστήμες μηχανικών</subfield>
   <subfield code="a">Χωροταξία/περιφερειακός σχεδιασμός - Πολεοδομία/αστικός σχεδιασμός</subfield>
  </datafield>
  <datafield tag="653" ind1=" " ind2=" ">
   <subfield code="a">Τέχνες και γράμματα</subfield>
   <subfield code="a">Εικαστικές τέχνες</subfield>
   <subfield code="a">Αρχιτεκτονική</subfield>
  </datafield>
  <datafield tag="700" ind1="1" ind2=" ">
   <subfield code="a">Μαλλούχου-Tufano, Φανή,</subfield>
   <subfield code="e">Κριτικός αναγνώστης</subfield>
   <subfield code="8">341</subfield>
  </datafield>
  <datafield tag="856" ind1="4" ind2="0">
   <subfield code="u">http://hdl.handle.net/11419/2927</subfield>
   <subfield code="z">Πλήρες Κείμενο - Full text</subfield>
  </datafield>
  <datafield tag="907" ind1=" " ind2=" ">
   <subfield code="a">.b25681059</subfield>
   <subfield code="b">12-06-18</subfield>
   <subfield code="c">29-07-16</subfield>
  </datafield>
  <datafield tag="949" ind1=" " ind2=" ">
   <subfield code="0">0</subfield>
   <subfield code="1">0</subfield>
   <subfield code="2">ddc</subfield>
   <subfield code="4">0</subfield>
   <subfield code="6">938_000000000000000_MON</subfield>
   <subfield code="7">0</subfield>
   <subfield code="8">KALL</subfield>
   <subfield code="8">864</subfield>
   <subfield code="d">2016-04-13</subfield>
   <subfield code="r">2016-04-13</subfield>
   <subfield code="w">2016-04-13</subfield>
   <subfield code="z">938 MON</subfield>
   <subfield code="o">SEAB KALLIPOS</subfield>
  </datafield>
  <datafield tag="998" ind1=" " ind2=" ">
   <subfield code="a">80</subfield>
   <subfield code="a">01</subfield>
   <subfield code="a">02</subfield>
   <subfield code="a">03</subfield>
   <subfield code="a">04</subfield>
   <subfield code="a">05</subfield>
   <subfield code="a">06</subfield>
   <subfield code="a">07</subfield>
   <subfield code="a">08</subfield>
   <subfield code="a">09</subfield>
   <subfield code="a">10</subfield>
   <subfield code="a">11</subfield>
   <subfield code="a">12</subfield>
   <subfield code="a">13</subfield>
   <subfield code="a">14</subfield>
   <subfield code="a">15</subfield>
   <subfield code="a">16</subfield>
   <subfield code="a">17</subfield>
   <subfield code="a">18</subfield>
   <subfield code="a">19</subfield>
   <subfield code="a">20</subfield>
   <subfield code="a">21</subfield>
   <subfield code="a">22</subfield>
   <subfield code="a">23</subfield>
   <subfield code="a">24</subfield>
   <subfield code="a">25</subfield>
   <subfield code="a">26</subfield>
   <subfield code="b">25-05-17</subfield>
   <subfield code="c">m</subfield>
   <subfield code="d">z  </subfield>
   <subfield code="e">-</subfield>
   <subfield code="f">gre</subfield>
   <subfield code="g">gr </subfield>
   <subfield code="h">2</subfield>
  </datafield>
  <datafield tag="942" ind1=" " ind2=" ">
   <subfield code="2">ddc</subfield>
   <subfield code="c">KALLIPOS</subfield>
  </datafield>
 </record>
</collection>
